On minimal coupling of the ABC superparticle to supergravity background; Physical Review D; Vol. 59, № 4

Bibliographic Details
Parent link:Physical Review D.— , 1913-
Vol. 59, № 4.— 1999.— P. 047504 (1-4)
Main Author: Galajinsky A. V. Anton Vladimirovich
Other Authors: Gitman D. M.
Summary:By rigorous application of Hamiltonian methods we show that the ABC formulation of the Siegel superparticle admits consistent minimal coupling to external supergravity. The consistency check proves to involve all the supergravity constraints.
В фонде НТБ ТПУ отсутствует
Language:English
Published: 1999
Subjects:
Format: Book Chapter
KOHA link:https://koha.lib.tpu.ru/cgi-bin/koha/opac-detail.pl?biblionumber=596441

MARC

LEADER 00000naa0a2200000 4500
001 596441
005 20250408131033.0
035 |a (RuTPU)RU\TPU\tpu\19261 
035 |a RU\TPU\tpu\19260 
090 |a 596441 
100 |a 20110210d1999 k||y0rusy50 ba 
101 0 |a eng 
102 |a US 
200 1 |a On minimal coupling of the ABC superparticle to supergravity background  |f A. V. Galajinsky, D. M. Gitman 
330 |a By rigorous application of Hamiltonian methods we show that the ABC formulation of the Siegel superparticle admits consistent minimal coupling to external supergravity. The consistency check proves to involve all the supergravity constraints. 
333 |a В фонде НТБ ТПУ отсутствует 
461 |t Physical Review D  |d 1913- 
463 |t Vol. 59, № 4  |v P. 047504 (1-4)  |d 1999 
610 1 |a труды учёных ТПУ 
700 1 |a Galajinsky  |b A. V.  |c Doctor of Physical and Mathematical Sciences, Tomsk Polytechnic University (TPU), Department of Higher Mathematics and Mathematical Physics of the Institute of Physics and Technology (HMMPD IPT)   |c Professor of the TPU  |f 1971-  |g Anton Vladimirovich  |3 (RuTPU)RU\TPU\pers\27878  |9 12894 
701 1 |a Gitman  |b D. M. 
801 1 |a RU  |b 63413507  |c 20110210 
801 2 |a RU  |b 63413507  |c 20160315  |g RCR 
942 |c CR